Normal view MARC view
  • Math

Entry Geographic Name

Number of records used in: 1

001 - CONTROL NUMBER

  • control field: 133967

003 - CONTROL NUMBER IDENTIFIER

  • control field: NUST

005 - DATE AND TIME OF LATEST TRANSACTION

  • control field: 20260407161244.0

008 - FIXED-LENGTH DATA ELEMENTS

  • fixed length control field: 260407|| aca||aabn | a|a d

040 ## - CATALOGING SOURCE

  • Original cataloging agency: NUST
  • Transcribing agency: NUST

151 ## - HEADING--GEOGRAPHIC NAME

  • Geographic name: Math

670 ## - SOURCE DATA FOUND

  • Source citation: Work cat.: (NUST): Ayres, frank 8744, Schaum's Outlines Calculus /, 2004
© 2023 Central Library, National University of Sciences and Technology. All Rights Reserved.